Statistics for Countries of WW2

Click here to take the quiz!

General Stats

  • This quiz has been taken 22 times
  • The average score is 10 of 15

Answer Stats

Answer% Correct
USA
95%
France
89%
Japan
89%
UK
89%
USSR
89%
Poland
74%
Nazi Germany
68%
Greece
63%
Canada
58%
Yugoslavia
58%
Bulgaria
53%
Romania
53%
Hungary
47%
Fascist Italy
37%
Italian Kingdom
21%

Score Distribution

Percentile by Number Answered

Percent of People with Each Score

Your Score History

You have not taken this quiz